Veterinarnaja ochrana promyšlennych ferm (ferm krupnogo rogatogo skota) /

Hlavní autor: Poljakov, Anisim Aleksandrovič
Další autoři: Poljakov, V. A.
Jazyk: Ruština
Vydáno: Moskva : Znanije, 1973
Edice: Novoje v žizni, nauke, technike. Sel‘skoje chozjajstvo
Fyzický popis: 63 s.
Knihy
Uloženo v:
LEADER 00825nam a22002292a 4500
001 001261117
003 CZ BrMZK
005 20220420092346.0
007 ta
008 121026s1973 ru er 000 0 rus d
040 |a BOA001  |b cze 
100 1 |a Poljakov, Anisim Aleksandrovič  |4 aut 
245 1 0 |a Veterinarnaja ochrana promyšlennych ferm (ferm krupnogo rogatogo skota) /  |c A.A. Poljakov, V.A. Poljakov 
260 |a Moskva :  |b Znanije,  |c 1973 
300 |a 63 s. 
490 1 |a Novoje v žizni, nauke, technike. Sel‘skoje chozjajstvo ;  |v 11/1973 
700 1 |a Poljakov, V. A.  |4 aut 
830 0 |a Novoje v žizni, nauke, technike.  |p Sel‘skoje chozjajstvo 
910 |a BOA001  |b 2-0710.502 
990 |a BK 
991 |b 201210 
996 7 |b 2619660585  |c 2-0710.502  |l Sklad H1  |r Sklad / do 24 hodin  |n 0  |h HS212  |w 001294948  |u 000010  |a 1  |e BOA001  |j MZK50  |s A